|
|
|
|
| LEADER |
01605nam a2200313 u 4500 |
| 001 |
10030353 |
| 003 |
upatras |
| 005 |
20210117210034.0 |
| 008 |
990927s1997 uk eng |
| 020 |
|
|
|a 0761956573
|
| 040 |
|
|
|a GR-PaULI
|c GR-PaULI
|
| 041 |
0 |
|
|a eng
|
| 082 |
0 |
4 |
|a 616.891 4
|
| 100 |
1 |
|
|a Hudson-Allez, Glyn
|9 153832
|
| 245 |
1 |
0 |
|a Time-limited therapy in a general practice setting
|b how to help within six sessions
|c Glyn Hudson-Allez
|
| 260 |
|
|
|a London
|a Thousand Oaks, CA
|b Sage Publications
|c 1997
|
| 300 |
|
|
|a xii, 221 p.
|c 22 cm.
|
| 504 |
|
|
|a Includes bibliographical references and index
|
| 650 |
|
4 |
|a Ψυχοθεραπεία
|9 35
|
| 650 |
|
4 |
|a Συμβουλευτική ψυχολογία
|9 1026
|
| 852 |
|
|
|a GR-PaULI
|b ΠΑΤΡΑ
|b ΒΚΠ
|b ΒΣ1
|k ΑΣΧΞ
|h 616.891 4 Α
|m 051315
|p 025000068507
|t 1
|
| 852 |
|
|
|a GR-PaULI
|b ΠΑΤΡΑ
|b ΠΤΔΕ
|k ΑΣΧΞ
|h 616.891 4 HUD
|m 6294α
|p 025000068508
|t 2
|
| 852 |
|
|
|a GR-PaULI
|b ΠΑΤΡΑ
|b ΠΤΔΕ
|k ΑΣΧΞ
|h 616.891 4 HUD
|m 6294β
|p 025000068506
|t 3
|
| 942 |
|
|
|2 ddc
|c BK15
|
| 952 |
|
|
|0 0
|1 0
|4 0
|6 616_891000000000000_4_Α
|7 0
|9 199293
|a LISP
|b LISP
|c BSC
|d 2016-04-24
|i 051315
|l 0
|o 616.891 4 Α
|p 025000068507
|r 2016-04-24 00:00:00
|t 1
|w 2016-04-24
|y BK15
|
| 952 |
|
|
|0 0
|1 0
|4 0
|6 616_891000000000000_4_HUD
|7 0
|9 199294
|a PTDE
|b PTDE
|d 2016-04-24
|i 6294α
|l 0
|o 616.891 4 HUD
|p 025000068508
|r 2016-04-24 00:00:00
|t 2
|w 2016-04-24
|y BK15
|
| 952 |
|
|
|0 0
|1 0
|4 0
|6 616_891000000000000_4_HUD
|7 0
|9 199295
|a PTDE
|b PTDE
|d 2016-04-24
|i 6294β
|l 0
|o 616.891 4 HUD
|p 025000068506
|r 2016-04-24 00:00:00
|t 3
|w 2016-04-24
|y BK15
|
| 998 |
|
|
|c ΠΑΝΑΓΟΠΟΥΛΟΥ
|d 1999-10
|
| 999 |
|
|
|c 122251
|d 122251
|